Normal view
MARC view
- السيرة النبوية
Entry Topical Term
001 - CONTROL NUMBER
- control field: 58993
003 - CONTROL NUMBER IDENTIFIER
- control field: JO-AjAnu
005 - DATE AND TIME OF LATEST TRANSACTION
- control field: 20230606083642.0
008 - FIXED-LENGTH DATA ELEMENTS
- fixed length control field: 230606|| aca||aabn | a|a d
040 ## - CATALOGING SOURCE
- Original cataloging agency: JO-AjAnu
- Transcribing agency: JO-AjAnu
150 ## - HEADING--TOPICAL TERM
- Topical term or geographic name entry element: السيرة النبوية
670 ## - SOURCE DATA FOUND
- Source citation: Work cat.: (JO-AjAnu)30092: تاليف: السهيلي، ابي القاسم عبد الرحمن بن عبدالله ابن احمد بن ابي الحسن الخثعمي ، ابي محمد عبدالملك بن هشام المعافري؛ قدم له وعلق عليه وضبطه: طه عبدالرؤف سعد, author 58992, الروض الانف في تفسير السيرة النبوية تفسير السيرة النبوية لابن هشام ومعه السيرة النبوية، ج 2